| 000 | 02729nam a2200469 a 4500 | ||
|---|---|---|---|
| 001 | 000011481 | ||
| 003 | DO-SdBNP | ||
| 005 | 20251120105504.0 | ||
| 007 | ta | ||
| 008 | 091019s2006 dr 001 0 spa d | ||
| 020 | _a9945425064 | ||
| 040 |
_aDO-SdBNP _bspa _cBNPHU |
||
| 082 | 4 |
_a345.05 _bD431p _222 |
|
| 245 | 0 | 0 |
_aDerecho procesal penal / _cAlberto Binder ... [et al.] ; presentación Alejandro Moscoso Segarra; prólogo Luis Henry Molina Peña. |
| 260 |
_aSanto Domingo : _bEscuela Nacional de la Judicatura, _c2006. |
||
| 300 |
_a626 p. ; _c28 cm. |
||
| 500 | _aIncluye bibliografía y notas al pie de páginas. | ||
| 500 | _aLa biblioteca posee la reimpresión del 2007 | ||
| 504 | _aBibliografía : p. 595-608. | ||
| 505 | 0 |
_gPresentación / _rAlejandro Moscoso Segarra -- _gPrólogo / _rLuis Henry Molina Peña -- _tPrincipios generales para la comprensión de la reforma procesal penal en la República Dominicana / _rAlberto Binder -- _tActividades iniciales y diligencias preliminares / _rDaniel González Álvarez -- _tLos procesos alternativos / _rMario A. Houed Vega -- _tLibertad, intimidad y seguridad individual ante intervención estatal / _rManuel Miranda Estrampes -- _tMedidas de coerción / _rPablo Llarena Conde -- _tLa prueba en el proceso penal / _rHéctor Quiñones Vargas -- _tLos derechos de protección a la víctima / _rPablo Llarena Conde -- _tEtapa intermedia: actos conclusivos y audiencia preliminar / _rOlga Elena Resumil -- _tEl juicio / _rDaniel Gadea Nieto -- _tImpugnación y recursos / _rPablo Llarena Conde -- _tLa ejecución / _rPablo Llarena Conde -- _tLa fundamentación fáctica y jurídica de las resoluciones judiciales / _rManuel Bellido Aspad -- _gBibliografía. |
|
| 590 | _aInventariado,2018/DG | ||
| 650 | 4 |
_aDerecho procesal _zRepública Dominicana _913091 |
|
| 650 | 4 |
_aProcedimiento penal _zRepública Dominicana _914474 |
|
| 650 | 0 |
_aDerecho penal _917405 |
|
| 650 | 4 |
_aAcción penal _916563 |
|
| 650 | 0 |
_aPrueba penal _927178 |
|
| 650 | 4 |
_aFaltas (derecho penal) _927179 |
|
| 700 | 1 |
_aBinder, Alberto _927180 |
|
| 700 | 1 |
_aGonzález Álvarez, Daniel _927181 |
|
| 700 | 1 |
_aGadea Nieto, Daniel _927182 |
|
| 700 | 1 |
_aBellido Aspad, Manuel _927183 |
|
| 700 | 1 |
_aLlarena Conde, Pablo _927184 |
|
| 700 | 1 |
_aResumil, Olga Elena _927185 |
|
| 700 | 1 |
_aHoued Vega, Mario A. _927186 |
|
| 700 | 1 |
_aMiranda Estrampes, Manuel _927187 |
|
| 700 | 1 |
_aQuiñones Vargas, Héctor _927188 |
|
| 700 | 1 |
_aMoscoso Segarra, Alejandro A _d1964- _epresent. _962241 |
|
| 700 | 1 |
_aMolina Peña, Luis Henry, _epról. _927189 |
|
| 710 | 1 |
_aRepública Dominicana. _bComisionado de Apoyo a la Reforma y Modernización de la Justicia _917179 |
|
| 910 | _aValidado. Control de calidad EMS | ||
| 942 |
_2ddc _cLBS1 |
||
| 999 |
_c11182 _d11182 |
||